Statistiques concernant 20 plus grandes entreprises françaises

Cliquez ici pour prendre le quiz!

Statistiques générales

  • Ce quiz a été pris 279 fois
  • Le résultat moyen est 11 sur 20

Statistiques - réponses

ClassementSecteurRéponse% Correct
12AutomobileRenault
92%
6ÉlectricitéEDF
90%
10AutomobilePSA
90%
4Grande distributionCarrefour
89%
2Pétrole/GazTotal
88%
5BanqueCrédit Agricole
79%
15TélécommunicationsOrange
76%
11Grande distributionAuchan
71%
1AssuranceAxa
70%
9BanqueSociété générale
62%
3BanqueBNP Paribas
59%
7ÉnergieEngie
51%
20MultisecteursBouygues
47%
8BanqueBPCE
43%
19PharmaceutiqueSanofi
36%
17InfrastructureVinci
30%
13InvestissementFinatis
12%
16MatériauxSaint-Gobain
8%
18Haute coutureChristian Dior
4%
14AssuranceCNP Assurances
0%

Distribution des résultats

Percentile par nombre de réponses

% des personnes avec chaque résultat

Votre développement - résultats

Vous n’avez pas pris ce quiz